| 000 -LEADER |
| fixed length control field |
01864cam a2200289 a 4500 |
| 001 - CONTROL NUMBER |
| control field |
451469 |
| 003 - CONTROL NUMBER IDENTIFIER |
| control field |
OCoLC |
| 005 - DATE AND TIME OF LATEST TRANSACTION |
| control field |
20250124084534.0 |
| 008 - FIXED-LENGTH DATA ELEMENTS--GENERAL INFORMATION |
| fixed length control field |
110719s2010 xx b 001 0 eng |
| 020 ## - INTERNATIONAL STANDARD BOOK NUMBER |
| International Standard Book Number |
9780753522752 |
| 020 ## - INTERNATIONAL STANDARD BOOK NUMBER |
| International Standard Book Number |
0753522756 |
| 035 ## - SYSTEM CONTROL NUMBER |
| System control number |
(OCoLC)707711977 |
| 040 ## - CATALOGING SOURCE |
| Original cataloging agency |
ITJCU |
| Modifying agency |
YMG |
| Transcribing agency |
ITJCU |
| Modifying agency |
ITJCU |
| -- |
KH8 |
| 042 ## - AUTHENTICATION CODE |
| Authentication code |
nbic |
| 082 ## - DEWEY DECIMAL CLASSIFICATION NUMBER |
| Classification number |
338.76 KIR |
| 100 1# - MAIN ENTRY--PERSONAL NAME |
| Personal name |
Kirkpatrick, David, |
| Dates associated with a name |
1953 Jan. 14. |
| Relator term |
author. |
| 245 14 - TITLE STATEMENT |
| Title |
The Facebook effect : |
| Remainder of title |
the real inside story of Mark Zuckerberg and the world's fastest-growing company / |
| Statement of responsibility, etc. |
David Kirkpatrick. |
| 250 ## - EDITION STATEMENT |
| Edition statement |
Updated ed. |
| 260 ## - PUBLICATION, DISTRIBUTION, ETC. |
| Place of publication, distribution, etc. |
[S.l.] : |
| Name of publisher, distributor, etc. |
Virgin books, |
| Date of publication, distribution, etc. |
c2010. |
| 300 ## - PHYSICAL DESCRIPTION |
| Extent |
374 p. ; |
| Dimensions |
25 cm. |
| 504 ## - BIBLIOGRAPHY, ETC. NOTE |
| Bibliography, etc. note |
Includes bibliographical references (p. [341]-355) and index. |
| 520 ## - SUMMARY, ETC. |
| Summary, etc. |
How did a nineteen-year-old Harvard student create a company that has transformed the Internet and how did he grow it to its current enormous size? In half a decade, Facebook has gone from a dorm-room novelty to a company with 500 million users. It is one of the fastest growing companies in history, an essential part of the social life not only of teenagers but millions of adults worldwide. As Facebook spreads around the globe, it creates surprising effects--even becoming instrumental in political protests. Veteran technology reporter David Kirkpatrick had the full cooperation of Facebook's key executives in researching the history of the company and its impact on our lives. Kirkpatrick tells us how Facebook was created, why it has flourished, and where it is going next. He chronicles its successes and missteps, and gives readers the most complete assessment anywhere of founder and CEO Mark Zuckerberg.--From publisher description. |
| 610 20 - SUBJECT ADDED ENTRY--CORPORATE NAME |
| Corporate name or jurisdiction name as entry element |
Facebook (Firm) |
| 650 #0 - SUBJECT ADDED ENTRY--TOPICAL TERM |
| Topical term or geographic name entry element |
Internet industry |
| Geographic subdivision |
United States. |
| 650 #0 - SUBJECT ADDED ENTRY--TOPICAL TERM |
| Topical term or geographic name entry element |
Online social networks |
| General subdivision |
History. |
| 942 ## - ADDED ENTRY ELEMENTS (KOHA) |
| Source of classification or shelving scheme |
|
| Koha item type |
Books - Non Ficton |